00690cam a22001931 450000100060000009000100000610000410001610100080005710200070006520000790007221000430015121500280019422501120022267500100033470000420034480100160038699000080040299500860041045519 a45519 a19940104d1945 m y0pory5003 ba0 apor aPT1 aOs derivados do leite na alimentacão e na indústriafF. Vieira de Sá 9aLisboacEdições Cosmos,dimp. 1945 a132, [4] p.cil.d19 cm2 aBiblioteca Cosmosv88h7.ª seccão.iProblemas do nosso tempo. Produção Animal na Civilizaçãov12 a637.1 1aSá,bFernando Vieira de,f1914-2015 0aPTbBNgRPC cMON 10976513bBMRcBMRf056223k637.1 SAo-1rLIVROSuoferta de Vergílio Ambrósio